Addison Rae - Addison - Statistics

General Stats
  • This quiz has been taken 39 times
  • The average score is 10 of 12
Answer Stats
2025 Addison % Correct
2 Diet Pepsi
100%
1 New York
100%
4 Aquamarine
93%
12 Headphones On
89%
9 Fame is a Gun
81%
10 Times Like These
81%
8 In The Rain
78%
3 Money is Everything
74%
7 Summer Forever
74%
6 High Fashion
67%
11 Life's No Fun Through Clear Waters
63%
5 Lost & Found
56%
No matching quizzes found
Score Distribution
Percent of People with Each Score
Percentile by Number Answered
Your Score History
You have not taken this quiz